| 000 | 00000nam##2200000za#4500 |
| 001 | 9.643598 |
| 003 | CaOODSP |
| 005 | 20210624224237 |
| 007 | cr ||||||||||| |
| 008 | 150407|2008||||xxc|||||o f|0| 0 fre|d |
| 040 | |aCaOODSP|bfre |
| 043 | |an-cn--- |
| 086 | 1 |aH114-15/4-2008F-PDF |
| 110 | 1 |aCanada. |bSanté Canada. |
| 245 | 10|aAménagement d'une pelouse : |h[ressource électronique]|bfiche de renseignements |
| 260 | |aOttawa - Ontario : |bSanté Canada |cc2008. |
| 300 | |a8p.|bphotographies |
| 500 | |aLe n° de catalogue (H114-15/4-2008) et l'ISBN (978-0-662-05762-8) de l'édition imprimée bilingue ont été incorrectement copiés dans l'édition électronique. |
| 590 | |a14-14-Supp|b2014-07-24 |
| 691 | 07|aGestion de site|2gcpds |
| 691 | 07|aHorticulture|2gcpds |
| 775 | 08|tStarting a lawn : |w(CaOODSP)9.699620 |
| 856 | 40|ahttp://publications.gc.ca|qPDF|s331 Ko|uhttps://publications.gc.ca/collections/collection_2014/sc-hc/H114-15-4-2008-fra.pdf |